El Estado en la sociedad capitalista

Zapisane w:
Opis bibliograficzny
1. autor: Miliband, Ralph
Format: Texto
Wydane: México: Siglo XXI
Wydanie:5
Etykiety: Dodaj etykietę
Nie ma etykietki, Dołącz pierwszą etykiete!

MARC

LEADER 00000 a a2200000 04500
001 23446
003
040 |a CRAI/IIS  |c CRAI/IIS 
090 |a 162100  
100 |a Miliband, Ralph  
245 |a El Estado en la sociedad capitalista  
250 |a 5  
260 |a México:   |b Siglo XXI  
300 |a 273 p  
999 |c 4391  |d 4391